Language for Daily use (Workbook)

Сохранить в:
Библиографические подробности
Главный автор: Dawson, Mildred
Формат:
Язык:Undetermined
Опубликовано: New York, Estados Unidos Harcourt Brace Jovanovich 1973
Предметы:
Метки: Добавить метку
Нет меток, Требуется 1-ая метка записи!

MARC

LEADER 00000nam a2200000Ia 4500
008 170316s9999 xx 000 0 und d
090 |a 415-I D-4L 
100 |a Dawson, Mildred 
245 |a Language for Daily use (Workbook) 
260 |a New York, Estados Unidos 
260 |b Harcourt Brace Jovanovich 
260 |c 1973 
300 |a 176 páginas 
650 |a GRAMÁTICA INGLESA 
999 |c 19342  |d 19342 
040 |a cru BVZT 
942 |c 15 D  |h 415-I D-4L  |2 z